Marketingforschung Methoden und Modelle zur Bestimmung des Käuferverhaltens

Enregistré dans:
Détails bibliographiques
Auteur principal: Decker, Reinhold
Autres auteurs: Wagner, Ralf
Format: Livre
Langue:allemand
Publié: München Redline Wirtschaft bei Verlag Moderne Industrie 2002
Sujets:
Tags: Ajouter un tag
Pas de tags, Soyez le premier à ajouter un tag!

MARC

LEADER 00000nam$a2200000$$$4500
001 0029263
005 20221129101047.5
020 |a 3-478-37370-0 
041 0 |a ger 
044 |a DE 
245 1 0 |a Marketingforschung  |b Methoden und Modelle zur Bestimmung des Käuferverhaltens  |c Reinhold Decker / Ralf Wagner 
264 1 |a München  |b Redline Wirtschaft bei Verlag Moderne Industrie  |c 2002 
300 |a 474 s. 
610 2 0 |a marketing 
610 2 0 |a správanie spotrebiteľa 
610 2 0 |a zákazníci 
610 2 0 |a spokojnosť zákazníkov 
610 2 0 |a modely 
610 2 0 |a modelovanie 
100 1 |a Decker, Reinhold 
700 1 |a Wagner, Ralf